| 000 | 01171nam a2200289Ia 4500 | ||
|---|---|---|---|
| 999 |
_c37581 _d37581 |
||
| 001 | 3552 | ||
| 003 | GE_BSU | ||
| 005 | 20190620151758.0 | ||
| 008 | 181216s2001||||ge |||||||||||||| ||geo|| | ||
| 020 | _a9992848405 | ||
| 040 | _cGE_BSU | ||
| 041 | _ageo | ||
| 080 | _a581.9(479.223) დ–15 | ||
| 100 |
_aდავითაძე, მურმან _92516 |
||
| 245 |
_aაჭარის ადვენტური ფლორა / _cრედ.: ოთარ შაინიძე ; ბათუმის სახ. უნ-ტი. |
||
| 264 |
_aბათუმი : _bბათუმის უნივერსიტეტი, _c2001. |
||
| 300 |
_a200 გვ. : _b სურ. _c21 სმ. |
||
| 504 | _aბიბლიოგრ.:გვ.185-198. | ||
| 520 | _aრეზ. რუს. ენ. | ||
| 653 | _aაჭარის მცენარეულობა | ||
| 653 | _aარქეოფიტები | ||
| 653 | _aკენოფიტები | ||
| 653 | _aნეოფიტები | ||
| 653 | _aევნეოფიტები | ||
| 700 |
_aშაინიძე, ოთარ _eრედაქტორი _92657 |
||
| 942 |
_cBK _2udc |
||